Coronavirus (COVID-19) quiz - Statistics

General Stats
  • This quiz has been taken 151 times
    88 since last reset
  • The average score is 6 of 15
Answer Stats
Hint Answer % Correct
Which city did it start in? Wuhan
90%
Which country is the province above in? China
89%
Which type of coronavirus broke out in the early 2000s? SARS
62%
How many US states are affected by coronavirus? 50
56%
What is the most populated US state after that? Texas
48%
What is the most populated US state with coronavirus? California
46%
How many Canadian provinces have coronavirus cases? 10
44%
What is the most populated state after that with coronavirus? Florida
40%
Which province is the city above in? Hubei
25%
What is the most populated US state with coronavirus after that? Alaska
24%
What is the least populated US state with coronavirus? Wyoming
22%
How many countries have coronavirus deaths? 179
17%
How many countries are affected by coronavirus? 187
17%
What is the most populated US state after that? Vermont
17%
It is caused by eating ______. Wild Animals
6%
No matching quizzes found
Score Distribution
Percent of People with Each Score
Percentile by Number Answered
Your Score History
You have not taken this quiz since the last reset